Loading...
Auditory Arts | 6 | 18.33 | 100% | 83% | 0% |
Beliefs | 6 | 18.33 | 100% | 67% | 17% |
Current Events | 3 | 26.67 | 100% | 100% | 67% |
Fine Arts - Other Arts | 3 | 13.33 | 100% | 33% | 0% |
Geography | 2 | 15.00 | 100% | 50% | 0% |
History - American History | 6 | 15.00 | 83% | 33% | 33% |
History - Ancient History | 2 | 15.00 | 100% | 50% | 0% |
History - European History | 4 | 20.00 | 100% | 75% | 25% |
History - Other History | 2 | 25.00 | 100% | 100% | 50% |
History - World History | 3 | 13.33 | 100% | 0% | 33% |
Literature - American Literature | 8 | 10.00 | 100% | 0% | 0% |
Literature - British Literature | 5 | 16.00 | 100% | 20% | 40% |
Literature - European Literature | 8 | 17.50 | 100% | 50% | 25% |
Literature - World Literature | 4 | 12.50 | 75% | 50% | 0% |
Other Academic | 1 | 0.00 | 0% | 0% | 0% |
Philosophy | 5 | 22.00 | 100% | 80% | 40% |
Science - Biology | 8 | 20.00 | 100% | 63% | 38% |
Science - Chemistry | 6 | 13.33 | 83% | 17% | 33% |
Science - Other Science | 4 | 17.50 | 75% | 75% | 25% |
Science - Physics | 8 | 23.75 | 100% | 88% | 50% |
Social Science | 7 | 21.43 | 100% | 71% | 43% |
Visual Arts | 10 | 14.00 | 80% | 50% | 10% |